00753nam a2200217 i 450000100060000000300090000600500170001500700030003200800410003510000440007624501290012026000470024930000320029660000620032860000320039065500110042270000320043370000270046570000220049285200210051472768ES-MaACL20250117133106.0t|040902s1921 fr ||||1| fre d1 aGoethe, Johann Wolfgang von,d1749-183210aCorrespondance échangée entre Goethe et Carlyle / cpublieé par Charles Eliot Norton ; traduction de Georges Khnosoff. aParís : bLibrairie Française, c1921. a186 p., 4 lám. ; c24 cm.17aGoethe, Johann Wolfgang von,d1749-1832-vCorrespondencia04aCarlyle, Thomas,d1795-1881 0aCartas0 aCarlyle, Thomas,d1795-18811 aNorton, Charles Eliot.1 aKhnopff, Georges. aES-MaACLjG-3064